000 00818nam a2200289 i 4500
001 000043609
003 DO-SdBNP
005 20230425100539.0
007 ta
008 140331s1999 sp 000 0 spa d
020 _a8484031284
040 _aDO-SdBNP
_bspa
_cBNPHU
_erda
082 _a822.33
_bS527r
_222
100 1 _aShakespeare, William
_d1564-1616
_96748
245 1 0 _aRomeo y Julieta; /
_cWilliam Shakespeare
264 _aMadrid :
_bEdimat Libros,
_c1999.
300 _a128 paginas. ;
_c20 cm.
336 _2rdacontent
_atexto
_btxt
337 _2rdamedia
_asin mediación
_bn
338 _2rdacarrier
_avolumen
_bnc
490 1 _aClásicos de siempre
590 _aInventariado, 2023 / DG
650 0 _aTeatro inglés
_96749
650 4 _aLiteratura inglesa
_9498
910 _aDG
942 _2ddc
_cLBS1
999 _c53342
_d53342